000 00570nam a22001817a 4500
999 _c174963
_d174963
005 20200803153736.0
010 _aENG-128302
020 _c295.00
_a9789352837243
035 _aEN-111834
037 _bDBAD/PUB
082 _a954.1
_214ed.
100 _aMahajan, V D
245 _aAncient India/
_cby V D Mahajan
260 _aNew Delhi
_bS.Chand
_c2019
270 _aHead Office:7361,Ram Nagar,Qutab Rord
_bNew Delhi
_e110055
_k23672080
_l91-11-23677446
_minfo@schandpublishing.com
300 _axxvi;668p.
_c24cm(pbk)
942 _2ddc
_cEN
_h954.01
_mMAH